000 00721nam a2200289Ia 4500
005 20260324121143.0
008 008 260324s9999 xx 000 0 eng d
020 _a9781315867571
037 _aEBOOK
040 _aCRL
040 _beng
040 _cCRL
041 _2eng
041 _aeng
084 _qCRL
100 _aFrank Clarke; Graeme Dean; Matthew Egan
_91161396
245 4 _aThe Unaccountable & Ungovernable Corporation
245 0 _bCompanies' use-by-dates close in
260 _bTaylor and Francis
260 _c2014
365 _a
365 _b265
856 _uhttp://www.taylorfrancis.com/books/9781315867571
942 _cEBOOK
999 _c1753320
_d1753320